Automorphic forms on GL 2

Guardat en:
Dades bibliogràfiques
Autors principals: Jacquet, Hervé (Autor), Langlands, R. P (Autor)
Format: Llibre
Idioma:anglès
Publicat: Berlín Springer-Verlag 1970
Col·lecció:Lecture Notes in Mathematics, 114,278
Matèries:
Etiquetes: Afegir etiqueta
Sense etiquetes, Sigues el primer a etiquetar aquest registre!

MARC

LEADER 00000nam a2200000 a 4500
001 UCQ9952
003 CL-VaPUC
008 990128e19700000GW |||||||||||||||||eng|d
082 0 4 |a 515.9  |b JAC  |2 21 
100 |a Jacquet, Hervé  |e author  |9 472730 
700 0 |a Langlands, R. P  |e author  |9 424662 
245 1 0 |a Automorphic forms on GL 2 
300 |a v 
942 |c BK 
945 |d 19990128 00:00:00  |a crobeson 
260 |a Berlín  |b Springer-Verlag  |c 1970 
650 0 |a Funciones   |9 263869 
650 0 |a Proyecciones  |9 374413 
650 0 |a Variables  |9 338106 
650 0 |a Teoría de grupos   |9 270028 
583 |a last modification  |c 19990128 00:00:00  |k Rodrigo Vera 
490 0 |a Lecture Notes in Mathematics, 114,278 
999 |c 278845  |d 278843 
952 |0 0  |1 0  |4 0  |6 515_900000000000000_JAC_1970  |7 0  |8 A  |9 317633  |a BIBMAT  |b BIBMAT  |d 2019-11-20  |h v.2  |i 1319574  |o 515.9 JAC 1970  |p 1319574  |r 2025-01-07  |w 2019-11-20  |y BK  |k MAT 
952 |0 0  |1 0  |4 0  |6 515_900000000000000_JAC_1970  |7 0  |8 A  |9 317634  |a BIBMAT  |b BIBMAT  |d 2019-11-20  |h v.1  |i 3603407  |o 515.9 JAC 1970  |p 3603407  |r 2025-01-07  |w 2019-11-20  |y BK  |k MAT 
952 |0 0  |1 0  |4 0  |6 515_900000000000000_JAC_1970  |7 0  |8 A  |9 317635  |a BIBMAT  |b BIBMAT  |d 2019-11-20  |h v.2  |i 3603415  |o 515.9 JAC 1970  |p 3603415  |r 2025-01-07  |w 2019-11-20  |y BK  |k MAT